Случайни Съединени Държави на Картата на Европа - Statistics

General Stats
  • This quiz has been taken 44 times
  • The average score is 10 of 12
Answers on the Map
Answers color-coded by a green-red scale on the quiz's map according to % correct below.
 
Answer Stats
Име на Групата Държава % Correct
Съединени Държави Русия
100%
Съединени Държави Украйна
100%
Съединени Държави Латвия
100%
Съединени Държави Русия
100%
Съединени Държави Финландия
100%
Съединени Държави Русия
100%
Съединени Държави Естония
100%
Съединени Държави Ирландия
100%
Съединени Държави Обединено Кралство
100%
Съединени Държави Естония
100%
Съединени Държави Латвия
100%
Съединени Държави Беларус
100%
Съединени Държави Латвия
100%
Съединени Държави Беларус
100%
Съединени Държави Полша
100%
Съединени Държави Беларус
100%
Съединени Държави Украйна
100%
Съединени Държави Молдова
100%
Съединени Държави Украйна
100%
Съединени Държави Молдова
100%
Съединени Държави Румъния
100%
Съединени Държави България
100%
Съединени Държави Румъния
100%
Съединени Държави Румъния
100%
Съединени Държави Украйна
100%
Съединени Държави Полша
100%
Съединени Държави Украйна
100%
Съединени Държави Полша
100%
Съединени Държави Чехия
100%
Съединени Държави Полша
100%
Съединени Държави Словакия
100%
Съединени Държави Чехия
100%
Съединени Държави Австрия
100%
Съединени Държави Чехия
100%
Съединени Държави Австрия
100%
Съединени Държави Германия
100%
Съединени Държави Франция
100%
Съединени Държави Германия
100%
Съединени Държави Германия
100%
Съединени Държави Нидерландия
100%
Съединени Държави Белгия
100%
Съединени Държави Франция
100%
Съединени Държави Франция
100%
Съединени Държави Испания
100%
Съединени Държави Португалия
100%
Съединени Държави Испания
100%
Съединени Държави Франция
100%
Съединени Държави Франция
100%
Съединени Държави Италия
100%
Съединени Държави Германия
100%
Съединени Държави Швейцария
100%
Съединени Държави Австрия
100%
Съединени Държави Италия
100%
Съединени Държави Унгария
100%
Съединени Държави Словакия
100%
Съединени Държави Унгария
100%
Съединени Държави Румъния
100%
Съединени Държави Хърватия
100%
Съединени Държави Унгария
100%
Съединени Държави Сърбия
100%
Съединени Държави Румъния
100%
Съединени Държави Сърбия
100%
Съединени Държави Гърция
100%
Съединени Държави Северна Македония
100%
Съединени Държави Албания
100%
Съединени Държави Гърция
100%
Съединени Държави Австрия
100%
Съединени Държави Швейцария
100%
Съединени Държави Австрия
100%
Съединени Държави Словакия
100%
Съединени Държави Словакия
100%
Съединени Държави Украйна
100%
Съединени Държави Унгария
100%
Съединени Държави Сърбия
100%
Съединени Държави Хърватия
100%
Съединени Държави Сърбия
100%
Съединени Държави Италия
100%
Съединени Държави България
100%
Съединени Държави Гърция
100%
Съединени Държави България
100%
Съединени Държави Северна Македония
100%
Съединени Държави Литва
100%
Съединени Държави Полша
100%
Съединени Държави Германия
80%
Съединени Държави България
80%
Съединени Държави Сърбия
80%
Съединени Държави Босна и Херцеговина
80%
Съединени Държави Хърватия
80%
Съединени Държави Унгария
80%
Съединени Държави Украйна
80%
Съединени Държави Русия
75%
Съединени Държави Норвегия
75%
Съединени Държави Швеция
75%
Съединени Държави Финландия
67%
Съединени Държави Швеция
67%
Съединени Държави Словакия
67%
Съединени Държави Италия
67%
Съединени Държави Швейцария
67%
Съединени Държави Австрия
67%
Съединени Държави Унгария
67%
Съединени Държави Албания
67%
Съединени Държави Северна Македония
67%
Съединени Държави Германия
67%
Съединени Държави Белгия
60%
Съединени Държави Нидерландия
60%
Съединени Държави Беларус
50%
Съединени Държави Русия
50%
Съединени Държави Латвия
50%
Съединени Държави Литва
50%
Съединени Държави Германия
50%
Съединени Държави Полша
50%
Съединени Държави Чехия
50%
Съединени Държави Швейцария
50%
Съединени Държави Белгия
33%
Съединени Държави Финландия
0%
Съединени Държави Норвегия
0%
Съединени Държави Беларус
0%
Съединени Държави Литва
0%
Съединени Държави Австрия
0%
Съединени Държави Словения
0%
Съединени Държави Босна и Херцеговина
0%
Съединени Държави Хърватия
0%
Съединени Държави Словения
0%
Съединени Държави Словения
0%
No matching quizzes found
Score Distribution
Percent of People with Each Score
Percentile by Number Answered
Your Score History
You have not taken this quiz